Central Library OPAC University of Rajshahi
Normal view MARC view

Entry Topical Term

Number of records used in: 2

001 - CONTROL NUMBER

  • control field: 1912

003 - CONTROL NUMBER IDENTIFIER

  • control field: BD-RjUL

005 - DATE AND TIME OF LATEST TRANSACTION

  • control field: 20220320110228.0

008 - FIXED-LENGTH DATA ELEMENTS

  • fixed length control field: 220320|| aca||aabn | a|a d

040 ## - CATALOGING SOURCE

  • Original cataloging agency: BD-RjUL
  • Transcribing agency: BD-RjUL

150 ## - HEADING--TOPICAL TERM

  • Topical term or geographic name entry element: Pali language
  • Form subdivision: Grammar

670 ## - SOURCE DATA FOUND

  • Source citation: Work cat.: (BD-RjUL)79576: বড়ুয়া, প্রমোদ রঞ্জন 1910, পালি প্রকাশিকা / , ১৯৮৫